00682nam a22002177a 450000500170000001000270001702000260004402000230007002000320009303500130012503500130013803700210015103700130017208200100018510000170019524501080021226000300032027000390035030000310038950000440042020170704110248.0 aBAC-EN21 ENG-111736 a9788121940016c350.00 a812194001xc350.00 a9788121940016c350.00 (AV) aEN-95268 aB-668071 adplbTechniz/Ven aDBAD/PUB a659.1 aGupta, Ruchi aAdvertising principles and practice :cby Ruchi Guptabfor students of B.Com.....professional courses / aNew DelhibS.Chand c2012 a7361, Ram NagarbNew Delhie110055 axi,402p.:bill.c24cm(pbk) aSupply received revised price Rs.350.00